Statystyki dla Top 10 najgorętszych krajów europejskich

Kliknij tutaj aby rozwiązać quiz!

Ogólne statystyki

  • Ten quiz został rozwiązany 2 105 razy
  • Średni wynik to 8 z 10

Statystyki odpowiedzi

° CCountry% Poprawnych
13.30Hiszpania
99%
13.45Wlochy
97%
15.40Grecja
95%
15.15Portugalia
95%
10.90Chorwacja
85%
19.20Malta
77%
11.40Albania
75%
11.85San Marino
73%
15.20Watykan
73%
13.55Monako
63%

Rozkład punktacji

Percentyl według liczby udzielonych odpowiedzi

Procent ludzi z każdym wynikiem

Twoja historia wyników

Nie rozwiązałeś tego quizu